Southville International School and Colleges
Your cart is empty.
  • Cart
  • Lists
    Public lists Eva Luna New books Lux_list list_1
    Your lists Log in to create your own lists
  • Log in to your account
  • Your cookies
  • Search history
Southville International School and Colleges
  • Advanced search
  • Recent comments
  • Most popular
  • Libraries

Log in to your account

Log in with GOOGLE


If you do not have an external account, but do have a local account, you can still log in:

  1. Home
  2. MARC view: Scott Foresman-Addison Wesley Math :
Normal view MARC view ISBD view

Scott Foresman-Addison Wesley Math : (Record no. 3291)

[ view plain ]
MARC details
000 -LEADER
fixed length control field 00526nam a22001817a 4500
003 - CONTROL NUMBER IDENTIFIER
control field OSt
005 - DATE AND TIME OF LATEST TRANSACTION
control field 20140310181752.0
008 - FIXED-LENGTH DATA ELEMENTS--GENERAL INFORMATION
fixed length control field 130628t xxu||||| |||| 00| 0 eng d
020 ## - INTERNATIONAL STANDARD BOOK NUMBER
International Standard Book Number 9812448926
050 ## - LIBRARY OF CONGRESS CALL NUMBER
Classification number QA 135.5
Item number .C475 2005
082 ## - DEWEY DECIMAL CLASSIFICATION NUMBER
Classification number FIL 510
Item number Sco8 2005
100 ## - MAIN ENTRY--PERSONAL NAME
Personal name Charles, Randall I.
245 ## - TITLE STATEMENT
Title Scott Foresman-Addison Wesley Math :
Statement of responsibility, etc Randall I. Charles ...[et al.].
Remainder of title grade 6 /
260 ## - PUBLICATION, DISTRIBUTION, ETC. (IMPRINT)
Place of publication, distribution, etc Singapore :
Name of publisher, distributor, etc Pearson,
Date of publication, distribution, etc 2005.
300 ## - PHYSICAL DESCRIPTION
Extent xi. 652 p. ;
Other physical details ill. col. ;
Dimensions 26 cm.
562 ## - COPY AND VERSION IDENTIFICATION NOTE
Number of copies 1
942 ## - ADDED ENTRY ELEMENTS (KOHA)
Source of classification or shelving scheme Library of Congress Classification
Koha item type Books
Holdings
Withdrawn status Lost status Source of classification or shelving scheme Damaged status Home library Current library Shelving location Date acquired Total Checkouts Full call number Barcode Date last seen Copy number Price effective from Koha item type
    Library of Congress Classification   Luxembourg Library Luxembourg Library Filipiniana Section 06/28/2013   QA 135.5 .C475 2005 7997 08/13/2013 1 06/28/2013 Books

Scott Foresman-Addison Wesley Math :

APA

Charles R. I., . (2005). Scott Foresman-Addison Wesley Math. Singapore: Pearson.

Chicago

Charles Randall I, . 2005. Scott Foresman-Addison Wesley Math. Singapore: Pearson.

Harvard

Charles R. I., . (2005). Scott Foresman-Addison Wesley Math. Singapore: Pearson.

MLA

Charles Randall I, . Scott Foresman-Addison Wesley Math. Singapore: Pearson. 2005.

  • Place hold
  • Print
  • Cite
  • Add to your cart (remove)
  • Save record
    BIBTEX Dublin Core MARCXML MARC (non-Unicode/MARC-8) MARC (Unicode/UTF-8) MARC (Unicode/UTF-8, Standard) MODS (XML) RIS
  • More searches
    Search for this title in:
    Other Libraries (WorldCat) Other Databases (Google Scholar) Online Stores (Bookfinder.com) Open Library (openlibrary.org)

Exporting to Dublin Core...

SOUTHVILLE LIBRARY

Southville International School and Colleges Library

1281 Tropical Ave. Cor. Luxembourg St., BF Homes International, Las Pinas City

Tel. No. 8256374 / 252358 Loc. 117/146

Powered by Koha